000 00367nam a2200133Ia 4500
008 210430s9999 xx 000 0 und d
020 _a9781569905999
082 _a620.118 L563C
100 _aLengsfeld, Hauke.
_954854
245 _aComposite Technology:
_cLengsfeld, Hauke.
260 _aGermany.
_bCarl Hanser Verlag.
_c2006
300 _a205p.
942 _cREF
_2ddc
999 _c565739
_d565739